O galo da velha Luciana (Registo nº 3711)
[ vista simples ]
| 000 -Etiqueta do registo | |
|---|---|
| Cabeçalho | 00776nam0a2200277 4500 |
| 005 - Identificador da versão | |
| Campo de controlo | 20240813122040.0 |
| 010 ## - Número internacional normalizado dos livros (ISBN) | |
| Número (ISBN) | 9728723652 |
| 021 ## - Número do Depósito Legal | |
| Código do país | PT |
| Número | 181088/02 |
| 100 ## - Dados gerais de processamento | |
| Dados gerais de processamento | 20190318d2002 c y0pory50030103ba |
| 102 ## - Pais de publicação ou produção | |
| País de publicação | Portugal |
| 101 0# - Língua de publicação | |
| Língua do texto, banda sonora, etc. | Português |
| 215 ## - Descrição física | |
| Indicação específica da natureza do documento e extensão da espécie | 26, [2] p. |
| Outras indicações físicas | il. color |
| 200 1# - Titulo e menção de responsabilidade | |
| Título próprio | O galo da velha Luciana |
| Primeira menção de responsabilidade | António Mota |
| Outras menções de responsabilidade | il. Elsa Navarro |
| 225 1# - Colecção | |
| Título próprio da colecção | Obras de António Mota |
| Indicação de volume | 1 |
| 205 ## - Menção da edição | |
| Menção da edição | 1ª ed |
| 210 ## - Publicação, Distribuição, etc. | |
| Lugar da edição, distribuição, etc. | Vila Nova de Gaia |
| Nome do editor, distribuidor, etc. | Gailivro |
| Data da publicação, distribuição, etc. | 2002 |
| 300 ## - Notas gerais | |
| Texto da nota | PNL |
| 606 ## - Nome comum usado como assunto | |
| Número de registo de entrada de autoridade | 0001335 |
| Palavra de ordem | Literatura portuguesa |
| Subdivisão de assunto | Conto |
| Código do sistema | CA |
| 675 ## - Classificação Decimal Universal (CDU) | |
| Notação | 821.134.3-34 |
| Edição | 3ª ed. |
| Língua da edição | por |
| 702 #1 - Nome de autor-pessoa física (responsabilidade secundária) | |
| Número de registo de entrada de autoridade | 0000099 |
| Palavra de ordem | Navarro |
| Outra parte do nome não tomada para palavra de ordem | Elsa |
| Código de função | Ilustrador / Técnico de desenho computorizado |
| 700 #1 - Nome de autor-pessoa física (responsabilidade principal) | |
| Número de registo de entrada de autoridade | 0000068 |
| Palavra de ordem | Mota |
| Outra parte do nome não tomada para palavra de ordem | António |
| Datas | 1957- |
| 966 ## - Identificação da Biblioteca | |
| Sigla | EBVEN |
| 942 ## - Elementos de entrada adicionados (Koha) | |
| Tipo de item no Koha | Livro |
| Situação do levantamento | Origin of item (home branch) (coded) | Biblioteca de empréstimo | Código de barras | Cota | Data de devolução | Circulation type (not for loan) | Tipo de documento | Nota do exemplar | Damaged status |
|---|---|---|---|---|---|---|---|---|---|
| Biblioteca Escolar das Vendas | Biblioteca Escolar das Vendas | BEV1038 | 8POR MOT PNL | Livro | Sem mensagem |
